000 00536nam a2200181Ia 4500
001 17328
005 20260306171509.0
008 260306s9999||||xx |||||||||||||| ||und||
041 _aESP
082 _a657.61
_bV34
100 _aVásquez Bernal, Ricardo
_eAUT
245 0 _aEl abc de las NIIF:
_bguía básica de preguntas y respuestas para la implementación de las Normas Internacionales de Información Financiera (IFRS-NIIF)
260 _c2013
300 _a
_c
650 _aGEN
654 _aCCO
942 _cLIB
_dJUS
_fJUS
_2ddc
_n
999 _c17328
_d17328